000 00607nam a2200181Ia 4500
008 100920s9999 xx 000 0 und d
082 _b107011
_a28 व 570580 न 08
100 _aघाणेकर मधुसूदन.
245 _aआपली इसापनीती.
260 _bअक्षय प्रकाशन,पुणे.
_c2008
300 _a48
_bसाधी
365 _b25
520 _aबा.वि.शाऊ.
630 _aआपली इसापनीती.
650 _aबा.वि.शाऊ.
730 _aआपली इसापनीती.
942 _cBOOK
999 _c747435
_d747432